Movies Quiz

Random Movies or Letter Quiz

Best Actor by First and Last Letters Quiz Stats

 Plays Quiz Updated Feb 16, 2016

Challenge
Share
Tweet
Embed
Score 0/26 Timer 05:00
0 Plays Today
Letters Best Actor Winner % Correct
AL POAl Pacino
79.5%
TM HSTom Hanks
75.5%
JK NNJack Nicholson
74.1%
JE FXJamie Foxx
70.9%
SN PNSean Penn
69.7%
CK GEClark Gable
68.1%
JN VTJon Voight
64.9%
YL BRYul Brynner
64%
GY CRGary Cooper
58.5%
KN SYKevin Spacey
56.4%
MN BOMarlon Brando
55.7%
GY PKGregory Peck
55.5%
BN KYBen Kingsley
52.9%
Letters Best Actor Winner % Correct
CN FHColin Firth
50.8%
AC GSAlec Guinness
50.6%
PP SR HNPhilip Seymour Hoffman
47.5%
SY PRSidney Poitier
47.5%
DL WNDenzel Washington
44.8%
RT DLRobert Duvall
39.5%
ML DSMichael Douglas
37.5%
BG CYBing Crosby
33.7%
HY BTHumphrey Bogart
31.8%
SR TYSpencer Tracy
29.9%
MW MYMatthew McConaughey
29.6%
GY RHGeoffrey Rush
21%
LE ORLaurence Olivier
18.2%

You're not logged in!

Compare scores with friends on all Sporcle quizzes.
Join for Free
OR
Log In

You Might Also Like...

Show Comments

Extras

Top Quizzes Today


Score Distribution

Your Account Isn't Verified!

In order to create a playlist on Sporcle, you need to verify the email address you used during registration. Go to your Sporcle Settings to finish the process.

Report this User

Report this user for behavior that violates our Community Guidelines.

Details: